[Event "8e Festival de Vaujany 2017 - principal"]
[Site "?"]
[Date "2017.07.15"]
[Round "3.12"]
[White "Soyer, Jean-Yves"]
[Black "Abello, Sebastien"]
[Result "1/2-1/2"]
[WhiteElo "2084"]
[BlackElo "2362"]
[PlyCount "118"]

1. d4 Nf6 2. c4 g6 3. Nc3 d5 4. cxd5 Nxd5 5. e4 Nxc3 6. bxc3 Bg7 7. Nf3 c5 8.
Be3 Qa5 9. Qd2 Nc6 10. Rb1 a6 11. Rc1 Bg4 12. d5 Rd8 13. Be2 e6 14. O-O exd5
15. exd5 Bxf3 16. Bxf3 Ne5 17. c4 Qxd2 18. Bxd2 b5 19. cxb5 Nxf3+ 20. gxf3 Rxd5
21. Be3 axb5 22. Rxc5 Rxc5 23. Bxc5 Kd7 24. Bb4 Ra8 25. Rd1+ Kc6 26. Rd6+ Kc7
27. Rd2 Bf8 28. Bxf8 Rxf8 29. Kf1 Ra8 30. Kg2 Kc6 31. Kg3 Ra4 32. f4 Rc4 33.
Re2 Kd6 34. Rd2+ Ke6 35. f5+ gxf5 36. Rd8 Kf6 37. Rb8 b4 38. f4 Ke6 39. Rb5
Rc3+ 40. Kh4 Rc2 41. Rb6+ Ke7 42. Kg5 Rxh2 43. Rxb4 Rxa2 44. Rb7+ Kf8 45. Kxf5
Rg2 46. Rb1 Ra2 47. Rh1 Ra5+ 48. Kf6 Ra6+ 49. Kf5 Kg7 50. Rg1+ Rg6 51. Rh1 Rf6+
52. Ke5 h6 53. f5 Ra6 54. Rg1+ Kf8 55. f6 Ra5+ 56. Kf4 Ra4+ 57. Kf5 Ra5+ 58.
Kf4 Ra4+ 59. Kf5 Ra5+ 1/2-1/2

[Event "8e Festival de Vaujany 2017 - principal"]
[Site "Vaujany"]
[Date "2017.07.15"]
[Round "3.13"]
[White "Olivier, Jean Christophe"]
[Black "Cherki, Thomas"]
[Result "1-0"]
[WhiteElo "2353"]
[BlackElo "2030"]
[PlyCount "49"]
[EventDate "2017.07.13"]
[EventRounds "9"]
[EventCountry "FRA"]

1. e4 Nf6 2. e5 Nd5 3. d4 d6 4. Nf3 Bg4 5. Be2 e6 6. O-O Be7 7. c4 Nb6 8. Nc3
O-O 9. Be3 Nc6 10. exd6 cxd6 11. d5 Bxf3 12. Bxf3 Ne5 13. dxe6 fxe6 14. Bg4 Rf6
15. b3 Nxg4 16. Qxg4 Rg6 17. Qh3 Nd7 18. Rad1 Qa5 19. Nb5 d5 20. a4 a6 21. Nd4
Nc5 22. cxd5 exd5 23. Nf5 Qc7 24. Rxd5 Ne4 25. Rd7 1-0

[Event "8e Festival de Vaujany 2017 - principal"]
[Site "?"]
[Date "2017.07.15"]
[Round "3.14"]
[White "Suez-Panama, Gilles"]
[Black "Midoux, Sebastien"]
[Result "1-0"]
[WhiteElo "2057"]
[BlackElo "2339"]
[PlyCount "151"]

1. d4 d5 2. Nf3 Bf5 3. c4 e6 4. Nc3 Nc6 5. a3 dxc4 6. e4 Bg4 7. Be3 Bxf3 8.
gxf3 Na5 9. Qa4+ c6 10. Bxc4 Nxc4 11. Qxc4 Rc8 12. Rd1 Nf6 13. Rg1 g6 14. Bg5
Be7 15. Bh6 b5 16. Qb3 a6 17. Bg7 Rg8 18. Bxf6 Bxf6 19. e5 Be7 20. Ne4 Rf8 21.
Qe3 Rc7 22. Nc5 a5 23. Rd2 Qd5 24. Ke2 h5 25. Rc1 Rh8 26. Ne4 Kf8 27. Rdc2 Kg7
28. Nc3 Qd7 29. Ne4 Rd8 30. Rd2 Qd5 31. Nf6 Bxf6 32. exf6+ Kf8 33. Rc5 Qd6 34.
Qe4 Ke8 35. f4 Kd7 36. Rdc2 a4 37. h4 Rb8 38. Qe5 Rb6 39. Ke3 Rb8 40. Kd3 b4
41. axb4 Rxb4 42. R5c4 Rxc4 43. Rxc4 Ra7 44. Qxd6+ Kxd6 45. Ke4 Ra5 46. Rb4 Kc7
47. Rc4 a3 48. bxa3 Rxa3 49. Rc1 Ra2 50. Kf3 Ra3+ 51. Ke4 Ra2 52. Rg1 Kd6 53.
Rb1 Kc7 54. Rg1 Ra5 55. Rc1 Rf5 56. Ra1 Kb7 57. Rb1+ Rb5 58. Rg1 Kb6 59. Rg5
Kc7 60. Rc5 Kd6 61. Re5 Rb1 62. Ra5 Rh1 63. Ra7 Rxh4 64. Ke3 Rg4 65. f3 Rg2 66.
Rxf7 Rb2 67. Rf8 Rb5 68. Rd8+ Kc7 69. f7 Kxd8 70. f8=Q+ Kd7 71. Qf7+ Kd6 72.
Qxg6 c5 73. Qe8 cxd4+ 74. Kxd4 Rf5 75. Qd8+ Kc6 76. Qe7 1-0

[Event "8e Festival de Vaujany 2017 - principal"]
[Site "?"]
[Date "2017.07.15"]
[Round "3.15"]
[White "Gedajlovic, Max"]
[Black "Birovecz, Ben Jordan"]
[Result "1-0"]
[WhiteElo "2324"]
[BlackElo "1981"]
[PlyCount "87"]

1. d4 d5 2. c4 dxc4 3. e4 e5 4. Nf3 Bb4+ 5. Bd2 Bxd2+ 6. Qxd2 exd4 7. Qxd4 Nf6
8. Qxd8+ Kxd8 9. Nc3 Be6 10. O-O-O+ Ke7 11. Nd4 Rd8 12. Be2 c5 13. Nxe6 Rxd1+
14. Rxd1 fxe6 15. e5 Nfd7 16. f4 Nc6 17. Bxc4 Rf8 18. g3 g5 19. Rf1 gxf4 20.
gxf4 a6 21. Kd2 b5 22. Be2 Nd4 23. Ne4 Rg8 24. Ng3 Rf8 25. Bd3 h6 26. b3 Nb6
27. Be4 c4 28. bxc4 Nxc4+ 29. Kc3 Ne3 30. Re1 Ndf5 31. Kb4 Nxg3 32. hxg3 Nc4
33. Bb7 Nb2 34. Re3 a5+ 35. Kxb5 Rb8 36. Ka6 a4 37. Rc3 Nd1 38. Rc7+ Ke8 39.
Rh7 Rd8 40. Bc6+ Kf8 41. f5 Rc8 42. Rh8+ Ke7 43. f6+ Kf7 44. Rxc8 1-0

[Event "8e Festival de Vaujany 2017 - principal"]
[Site "?"]
[Date "2017.07.15"]
[Round "3.16"]
[White "Geher, Koppany"]
[Black "Ratsma, Midas"]
[Result "0-1"]
[WhiteElo "1973"]
[BlackElo "2209"]
[PlyCount "64"]

1. e4 c5 2. Nf3 d6 3. d4 cxd4 4. Nxd4 e5 5. Nb5 a6 6. N5c3 Nf6 7. Bg5 Be7 8. g3
O-O 9. Bxf6 Bxf6 10. Bg2 Be6 11. O-O Qb6 12. Qc1 Bg5 13. Qxg5 Qxb2 14. Qc1 Qxa1
15. Qa3 Rc8 16. f4 b5 17. f5 Bc4 18. Rd1 a5 19. Qxd6 Nc6 20. Nd5 Bxd5 21. exd5
Nd4 22. Kh1 Nxf5 23. Qa3 b4 24. Qd3 Nd6 25. Bh3 Re8 26. c4 bxc3 27. Nxc3 Qb2
28. Bd7 Red8 29. Bc6 Rab8 30. Rb1 Qf2 31. Rxb8 Rxb8 32. Nb5 e4 0-1

[Event "8e Festival de Vaujany 2017 - principal"]
[Site "?"]
[Date "2017.07.15"]
[Round "3.17"]
[White "Boghossian, Pierre"]
[Black "Dudognon, Thibault"]
[Result "0-1"]
[WhiteElo "1948"]
[BlackElo "2201"]
[PlyCount "68"]
[EventDate "2017.07.15"]

1. e4 c6 2. Nc3 d5 3. Nf3 Bg4 4. Be2 e6 5. h3 Bxf3 6. Bxf3 Nf6 7. d4 dxe4 8.
Nxe4 Nbd7 9. Ng3 Bd6 10. O-O Qc7 11. c4 O-O 12. Be3 Bxg3 13. fxg3 Qxg3 14. Qd2
Qg6 15. Rae1 Rfd8 16. Qf2 Nb6 17. b3 Nc8 18. Qh4 Nd6 19. Bf2 a5 20. Re5 h6 21.
Qf4 a4 22. Bh4 Nf5 23. Bxf6 gxf6 24. Re4 Ng3 25. Bh5 Nxh5 26. Qf3 f5 27. Rh4
Nf6 28. Kh2 axb3 29. axb3 Ra2 30. Kh1 Ne4 31. g4 Nd2 32. Qf2 Nxf1 33. Qxa2 Ng3+
34. Kh2 Qg5 0-1

[Event "8e Festival de Vaujany 2017 - principal"]
[Site "?"]
[Date "2017.07.15"]
[Round "3.18"]
[White "Frederic, Clement"]
[Black "Lysenko, Ivan"]
[Result "1-0"]
[WhiteElo "2198"]
[BlackElo "1703"]
[PlyCount "91"]
[EventDate "2017.07.15"]

1. e4 c5 2. Nf3 d6 3. Bb5+ Bd7 4. Bxd7+ Qxd7 5. c4 Nc6 6. d4 cxd4 7. Nxd4 Nf6
8. Nc3 g6 9. f3 Bg7 10. Be3 O-O 11. O-O Rac8 12. Nde2 Ne8 13. Qd2 Nc7 14. Rad1
Rfd8 15. b3 Qe6 16. Ng3 Qe5 17. Rc1 Qa5 18. Rfd1 b5 19. Nxb5 Qxd2 20. Rxd2 Ne6
21. Ne2 a6 22. Nbc3 Rb8 23. Rcd1 Rdc8 24. Kf2 f5 25. g3 Rf8 26. Kg2 g5 27. Rd5
Ne5 28. f4 Ng4 29. Bd2 gxf4 30. Rxf5 Rxf5 31. exf5 Nc5 32. Bxf4 Rf8 33. Nd5 Rf7
34. h3 Ne5 35. Bxe5 Bxe5 36. g4 Kf8 37. Nc7 a5 38. Ng3 Bxg3 39. Kxg3 Ne4+ 40.
Kf3 Ng5+ 41. Kg2 h5 42. Rd5 hxg4 43. hxg4 Rg7 44. Rxa5 Kf7 45. Nd5 Ne4 46. Ne3
1-0

[Event "8e Festival de Vaujany 2017 - principal"]
[Site "?"]
[Date "2017.07.15"]
[Round "3.19"]
[White "Kantzer, Romain"]
[Black "Pierecker, Markus"]
[Result "0-1"]
[WhiteElo "1846"]
[BlackElo "2179"]
[PlyCount "80"]
[EventDate "2017.07.15"]

1. d4 d5 2. Bf4 Nf6 3. Nf3 e6 4. e3 Bd6 5. Bg3 Ne4 6. Nbd2 f5 7. c4 c6 8. Bxd6
Qxd6 9. Ne5 O-O 10. Be2 Nd7 11. f4 Nxe5 12. fxe5 Qb4 13. Qc2 Bd7 14. a3 Qxd2+
15. Qxd2 Nxd2 16. Kxd2 Kf7 17. Rhf1 Ke7 18. g4 fxg4 19. Bxg4 dxc4 20. Kc3 b5
21. Kb4 Rxf1 22. Rxf1 Rf8 23. Rxf8 Kxf8 24. Kc5 Ke7 25. Bf3 a5 26. Kb6 a4 27.
Kc5 g5 28. Be2 Be8 29. Bf3 h5 30. h3 Kd8 31. e4 Bf7 32. d5 exd5 33. exd5 cxd5
34. Kd6 d4 35. e6 Bxe6 36. Kxe6 c3 37. Be4 g4 38. hxg4 hxg4 39. bxc3 dxc3 40.
Kf5 g3 0-1

[Event "8e Festival de Vaujany 2017 - principal"]
[Site "?"]
[Date "2017.07.15"]
[Round "3.20"]
[White "Guillaumat, Jean-Pierre"]
[Black "Fodor, Balazs"]
[Result "0-1"]
[WhiteElo "1727"]
[BlackElo "2117"]
[PlyCount "84"]
[EventDate "2017.07.15"]

1. d4 e6 2. g3 Nf6 3. Bg2 d5 4. Nf3 Bd6 5. Nbd2 c6 6. c4 Nbd7 7. Qc2 O-O 8. O-O
Re8 9. e4 dxe4 10. Nxe4 Nxe4 11. Qxe4 e5 12. dxe5 Nxe5 13. Nxe5 Bxe5 14. Qc2
Qf6 15. a4 Bd4 16. Ra3 Bf5 17. Qb3 Bc5 18. Ra1 Rad8 19. Be3 Bxe3 20. fxe3 Rd2
21. Qxb7 Qe5 22. Rxf5 Qxf5 23. Qxc6 Qf2+ 24. Kh1 Red8 25. Qf3 Qxf3 26. Bxf3
Rxb2 27. Bd5 Kf8 28. e4 Rdb8 29. Rf1 Rb1 30. Rxb1 Rxb1+ 31. Kg2 Ke7 32. Kf3 f6
33. h4 Kd6 34. g4 g5 35. hxg5 fxg5 36. Bg8 h6 37. Bh7 Ke5 38. Ke3 Rb3+ 39. Kd2
Kd4 40. Kc2 Rc3+ 41. Kb2 Rxc4 42. Kb3 a5 0-1

[Event "8e Festival de Vaujany 2017 - principal"]
[Site "?"]
[Date "2017.07.15"]
[Round "3.22"]
[White "Keiman, Clemens"]
[Black "Mathieu, Phileas"]
[Result "1-0"]
[WhiteElo "1836"]
[BlackElo "1972"]
[PlyCount "48"]
[EventDate "2017.07.15"]

1. d4 d5 2. c4 c6 3. Nf3 Nf6 4. e3 a6 5. Nc3 b5 6. b3 Bf5 7. Be2 e6 8. O-O h6
9. Bb2 Nbd7 10. Rc1 Be7 11. Ne5 Nxe5 12. dxe5 Nd7 13. cxd5 cxd5 14. f4 O-O 15.
Bf3 Nc5 16. g4 Bh7 17. f5 Bg5 18. Qd4 Rc8 19. Nxd5 Nxb3 20. axb3 exd5 21. Rxc8
Qxc8 22. Rc1 Qb7 23. Qc5 h5 24. h3 Kh8 1-0

[Event "8e Festival de Vaujany 2017 - principal"]
[Site "?"]
[Date "2017.07.15"]
[Round "3.25"]
[White "Roche, Yves"]
[Black "Virag, Balint"]
[Result "0-1"]
[WhiteElo "1885"]
[BlackElo "1922"]
[PlyCount "94"]
[EventDate "2017.07.15"]

1. d4 Nf6 2. Nf3 g6 3. h3 Bg7 4. Bf4 d6 5. c3 O-O 6. e3 c5 7. Nbd2 Be6 8. Bc4
Bd7 9. a4 cxd4 10. exd4 Nc6 11. O-O Rc8 12. Re1 Re8 13. Ba2 h6 14. Nc4 Be6 15.
Ne3 Bxa2 16. Rxa2 d5 17. Ne5 e6 18. N3g4 g5 19. Nxc6 Rxc6 20. Be5 Nxg4 21. Qxg4
Bxe5 22. Rxe5 Kh7 23. Qe2 a6 24. Qd3+ Kh8 25. b3 Qc7 26. Rc2 Rc8 27. Qf3 Kg7
28. Re3 Rb6 29. c4 dxc4 30. Rxc4 Rc6 31. Rec3 Qd6 32. Rxc6 Rxc6 33. Rxc6 Qxc6
34. Qxc6 bxc6 35. Kf1 Kf6 36. Ke2 Ke7 37. Kd3 Kd7 38. Kc4 h5 39. Kc5 Kc7 40. b4
h4 41. g4 hxg3 42. fxg3 f5 43. h4 f4 44. h5 fxg3 45. h6 g2 46. h7 g1=Q 47. h8=Q
Qc1# 0-1

[Event "8e Festival de Vaujany 2017 - principal"]
[Site "?"]
[Date "2017.07.15"]
[Round "3.26"]
[White "Benezra, Amos"]
[Black "Patole, Noam"]
[Result "0-1"]
[WhiteElo "1907"]
[BlackElo "1778"]
[PlyCount "124"]
[EventDate "2017.07.15"]

1. e4 e5 2. Nf3 Nc6 3. Bc4 Nf6 4. d3 Be7 5. O-O d6 6. Re1 O-O 7. c3 h6 8. h3
Na5 9. Bb5 c5 10. Nbd2 a6 11. Ba4 Nh7 12. d4 exd4 13. cxd4 cxd4 14. Nxd4 Bf6
15. N2f3 Nc4 16. Qc2 Ne5 17. Bf4 Bd7 18. Bxd7 Qxd7 19. Rad1 Rac8 20. Qe2 Rfd8
21. Nf5 Qe6 22. Rd5 Nxf3+ 23. Qxf3 Rc5 24. Qd1 Rxd5 25. Qxd5 Qxd5 26. exd5 Bxb2
27. Bxd6 g6 28. Bc7 Rd7 29. Re8+ Nf8 30. Bd6 gxf5 31. Bxf8 Kh7 32. d6 Bf6 33.
Kf1 Kg6 34. Ke2 Bg7 35. Be7 Be5 36. Rb8 Bxd6 37. Bxd6 Rxd6 38. Rxb7 Re6+ 39.
Kf3 Rc6 40. a4 Rc3+ 41. Ke2 Rc2+ 42. Ke3 Kg5 43. Rb6 f4+ 44. Kf3 Rc3+ 45. Ke2
Rc2+ 46. Ke1 Ra2 47. Rxa6 Ra1+ 48. Ke2 Ra2+ 49. Kf3 Ra3+ 50. Ke4 f5+ 51. Ke5
Ra2 52. h4+ Kxh4 53. Kxf5 h5 54. Re6 Rxa4 55. Re4 Rxe4 56. Kxe4 Kg4 57. Ke5 h4
58. Ke4 f3 59. gxf3+ Kg5 60. f4+ Kg4 61. f5 h3 62. f3+ Kh5 0-1

[Event "8e Festival de Vaujany 2017 - principal"]
[Site "?"]
[Date "2017.07.15"]
[Round "3.27"]
[White "Stamboulian, Brice"]
[Black "Geher, Laszlo"]
[Result "0-1"]
[WhiteElo "1820"]
[BlackElo "1900"]
[PlyCount "72"]
[EventDate "2017.07.15"]

1. e4 d6 2. d4 Nf6 3. Nc3 g6 4. f3 a6 5. Be3 b5 6. a3 Bb7 7. Qd2 Nbd7 8. Rd1 e5
9. d5 Nb6 10. h4 Be7 11. Qf2 h5 12. Bg5 Nh7 13. Bxe7 Qxe7 14. Nh3 O-O-O 15. Qg3
f5 16. Qxg6 fxe4 17. Qxe4 Nf6 18. Qd3 Nfxd5 19. Nxd5 Nxd5 20. Ng5 Nf4 21. Qb3
Rde8 22. g3 Ng6 23. Bh3+ Kb8 24. Bf5 Qf6 25. Qf7 Qxf7 26. Nxf7 Rhg8 27. Ng5 Ne7
28. Be6 Rg7 29. Rf1 Rf8 30. Ke2 Nf5 31. Bxf5 Rxf5 32. g4 Rf6 33. Rd3 Rh6 34.
Rg1 Bc8 35. Kf2 hxg4 36. Rh1 Rxg5 0-1

[Event "8e Festival de Vaujany 2017 - principal"]
[Site "?"]
[Date "2017.07.16"]
[Round "4.1"]
[White "Maiorov, N."]
[Black "Bauer, C."]
[Result "1/2-1/2"]
[WhiteElo "2531"]
[BlackElo "2639"]
[PlyCount "64"]
[EventDate "2017.07.15"]

1. d4 Nf6 2. c4 c5 3. d5 b5 4. cxb5 a6 5. bxa6 g6 6. Nc3 Bg7 7. g3 O-O 8. Bg2
d6 9. Nf3 Nbd7 10. O-O Nb6 11. Ne1 Bxa6 12. Nc2 Ng4 13. Na3 Qd7 14. h3 Nh6 15.
Re1 Nf5 16. Bd2 Rfb8 17. Rb1 Bc4 18. Qc1 Bxc3 19. Bxc3 Bxa2 20. Ra1 Bb3 21. e4
Nd4 22. Qe3 Na4 23. Bxd4 cxd4 24. Qxd4 Qa7 25. Qd2 Qa5 26. Nb1 Qxd2 27. Nxd2
Nc5 28. Rxa8 Rxa8 29. e5 Kf8 30. exd6 exd6 31. Ne4 Nxe4 32. Bxe4 Ra5 1/2-1/2

[Event "8e Festival de Vaujany 2017 - principal"]
[Site "?"]
[Date "2017.07.16"]
[Round "4.2"]
[White "Lagarde, Maxime"]
[Black "Gazik, Viktor"]
[Result "1-0"]
[WhiteElo "2609"]
[BlackElo "2462"]
[PlyCount "63"]
[EventDate "2017.07.15"]

1. d4 Nf6 2. c4 g6 3. Nc3 Bg7 4. e4 O-O 5. Bd3 d6 6. Nge2 e5 7. d5 a5 8. O-O
Na6 9. b3 Nh5 10. a3 f5 11. exf5 gxf5 12. f4 exf4 13. Qc2 Qf6 14. Bb2 Qh4 15.
Rf3 Bd7 16. Raf1 Be5 17. Bc1 Ng3 18. Rxf4 Nxe2+ 19. Nxe2 Bxf4 20. Rxf4 Qe7 21.
Rf3 Rf7 22. Bb2 h6 23. Qc3 Kh7 24. Nd4 Raf8 25. Ne6 Bxe6 26. dxe6 Rf6 27. Rxf5
Rxf5 28. Bxf5+ Rxf5 29. Qh8+ Kg6 30. Qg8+ Kh5 31. g4+ Kh4 32. gxf5 1-0

[Event "8e Festival de Vaujany 2017 - principal"]
[Site "?"]
[Date "2017.07.16"]
[Round "4.3"]
[White "Van Osch, Mees"]
[Black "Collas, Silvia"]
[Result "1/2-1/2"]
[WhiteElo "2316"]
[BlackElo "2296"]
[PlyCount "64"]
[EventDate "2017.07.15"]

1. e4 c5 2. Nf3 e6 3. d4 cxd4 4. Nxd4 Nc6 5. Nc3 Qc7 6. Be3 a6 7. Qd2 Nf6 8. f4
Bb4 9. Bd3 Na5 10. a3 Bxc3 11. Qxc3 Qxc3+ 12. bxc3 d5 13. exd5 exd5 14. Nb3 Nc4
15. Bd4 Ne4 16. Nc5 Ncd6 17. O-O O-O 18. Rfe1 Bf5 19. Bxe4 Nxe4 20. Nxb7 Rfc8
21. Rab1 Nxc3 22. Bxc3 Rxc3 23. Rb3 Rxc2 24. Nd6 Be4 25. Nxe4 dxe4 26. Rxe4 g6
27. Kf1 Rd8 28. Re2 Rc4 29. g3 Ra4 30. Kf2 Rd1 31. Re7 Rd2+ 32. Re2 Rd1 1/2-1/2

[Event "8e Festival de Vaujany 2017 - principal"]
[Site "?"]
[Date "2017.07.16"]
[Round "4.4"]
[White "Skomorokhin, Roman"]
[Black "Horvath, Jozsef"]
[Result "0-1"]
[WhiteElo "2390"]
[BlackElo "2541"]
[PlyCount "66"]
[EventDate "2017.07.15"]

1. d4 Nf6 2. Nf3 g6 3. c4 Bg7 4. g3 d5 5. cxd5 Nxd5 6. Bg2 Nb6 7. Nc3 Nc6 8. e3
O-O 9. O-O Re8 10. Re1 a5 11. h3 a4 12. Rb1 Bd7 13. e4 e5 14. Bg5 Qc8 15. d5
Nd4 16. Kh2 c5 17. dxc6 Bxc6 18. Qd2 Qd7 19. Rbd1 f5 20. Qc1 Qf7 21. Be3 Rad8
22. Ng5 Qc4 23. Nd5 Qxc1 24. Rxc1 Nxd5 25. exd5 Bxd5 26. Bxd4 Bxg2 27. Bb6 Bc6
28. Bxd8 Rxd8 29. Red1 Re8 30. Rd6 e4 31. b3 axb3 32. axb3 Bf8 33. Rd2 h6 0-1

[Event "8e Festival de Vaujany 2017 - principal"]
[Site "Vaujany"]
[Date "2017.07.16"]
[Round "4.5"]
[White "Gedajlovic, Max"]
[Black "Brunner, Nicolas"]
[Result "1/2-1/2"]
[WhiteElo "2317"]
[BlackElo "2480"]
[PlyCount "51"]
[EventDate "2017.07.13"]
[EventRounds "9"]
[EventCountry "FRA"]

1. d4 Nf6 2. c4 e6 3. Nf3 Bb4+ 4. Bd2 Qe7 5. g3 Bxd2+ 6. Nbxd2 d6 7. Bg2 e5 8.
e4 O-O 9. O-O Bg4 10. d5 a5 11. Qc2 Bxf3 12. Nxf3 Na6 13. Rfe1 c6 14. Bh3 g6
15. b3 a4 16. Qc3 axb3 17. axb3 c5 18. Nd2 Nb4 19. Rf1 Rfe8 20. Kh1 Na2 21. Qb2
Nb4 22. Qc3 Na2 23. Qb2 Nb4 24. Qc3 Na2 25. Qb2 Nb4 26. Qc3 1/2-1/2

[Event "8e Festival de Vaujany 2017 - principal"]
[Site "?"]
[Date "2017.07.16"]
[Round "4.6"]
[White "Van Foreest, Lucas"]
[Black "Ratsma, Midas"]
[Result "1-0"]
[WhiteElo "2473"]
[BlackElo "2209"]
[PlyCount "91"]
[EventDate "2017.07.15"]

1. c4 e6 2. Nc3 d5 3. d4 c6 4. Nf3 dxc4 5. e3 b5 6. a4 Bb4 7. Bd2 a5 8. axb5
Bxc3 9. Bxc3 cxb5 10. b3 Bb7 11. bxc4 b4 12. Bb2 Nf6 13. c5 O-O 14. Bb5 Qd5 15.
O-O Nc6 16. Qe2 Rfd8 17. Rfd1 Ne7 18. Ne1 Bc6 19. Bc4 Qg5 20. f3 Ned5 21. e4
Nf4 22. Qd2 Nxe4 23. fxe4 Bxe4 24. Nd3 Nh3+ 25. Kh1 Qh4 26. Rf1 a4 27. Nxb4 e5
28. Rxf7 Kh8 29. d5 Rf8 30. Raf1 Rxf7 31. Rxf7 Nf4 32. Bf1 Kg8 33. Rxg7+ Kxg7
34. Bxe5+ Kg8 35. Bxf4 Rf8 36. Bc4 Qxf4 37. d6+ Kg7 38. Qxf4 Rxf4 39. d7 Rf8
40. c6 Bf5 41. Bb5 Kf7 42. g4 Bxg4 43. c7 Rg8 44. Bc4+ Ke7 45. d8=Q+ Rxd8 46.
Nc6+ 1-0

[Event "8e Festival de Vaujany 2017 - principal"]
[Site "?"]
[Date "2017.07.16"]
[Round "4.7"]
[White "Loiseau, Quentin"]
[Black "Bandet, Raphael"]
[Result "1-0"]
[WhiteElo "2424"]
[BlackElo "2179"]
[PlyCount "171"]
[EventDate "2017.07.15"]

1. d4 Nf6 2. c4 g6 3. Nc3 Bg7 4. e4 d6 5. Nf3 O-O 6. Be2 e5 7. Be3 Ng4 8. Bg5
f6 9. Bh4 c6 10. O-O Na6 11. c5 Be6 12. cxd6 Qxd6 13. h3 Nh6 14. dxe5 Qxd1 15.
Rfxd1 fxe5 16. Rd6 Nc7 17. Rxe6 Nxe6 18. Bc4 Rfe8 19. Ng5 Bf6 20. Nxe6 Bxh4 21.
Rd1 Nf7 22. g3 Bf6 23. Nc7 Rad8 24. Nxe8 Rxe8 25. Rd7 Re7 26. Rd3 Kg7 27. h4
Re8 28. Kf1 Rd8 29. Ke2 Rxd3 30. Kxd3 Kf8 31. Nd1 Ke7 32. Ne3 h5 33. a4 Nd6 34.
b4 Nxc4 35. Kxc4 Kd6 36. Nc2 Bd8 37. Ne1 a6 38. a5 b6 39. axb6 Bxb6 40. Nd3 a5
41. b5 Bc7 42. f3 cxb5+ 43. Kxb5 Bd8 44. Nc5 Be7 45. Nb7+ Ke6 46. Kxa5 g5 47.
hxg5 Bxg5 48. Nc5+ Kd6 49. Kb5 Be3 50. Nd3 Bg1 51. Nc1 Bf2 52. Ne2 h4 53. gxh4
Bxh4 54. Nc1 Bg3 55. Nd3 Bh2 56. Nb2 Bg1 57. Nd3 Be3 58. Kc4 Bg1 59. Nc1 Ke6
60. Ne2 Ba7 61. Kb5 Kd6 62. Ng3 Bf2 63. Nf5+ Kd7 64. Nh6 Kd6 65. Ng4 Bg1 66.
Nf6 Ke6 67. Nd5 Kd6 68. Nb6 Bd4 69. Nc4+ Kd7 70. Na5 Kd6 71. Nb7+ Kc7 72. Na5
Kd6 73. Kc4 Bg1 74. Nb3 Kc6 75. Kd3 Kb5 76. Nd2 Kb4 77. Nc4 Bh2 78. Ne3 Kb3 79.
Nd5 Bg3 80. Nc3 Bh2 81. Ne2 Kb4 82. Ke3 Kc4 83. Kf2 Kd3 84. Ng3 Kd4 85. Kg2 Ke3
86. Nf1+ 1-0

[Event "8e Festival de Vaujany 2017 - principal"]
[Site "?"]
[Date "2017.07.16"]
[Round "4.8"]
[White "Dudognon, Thibaut"]
[Black "Godart, Francois"]
[Result "1/2-1/2"]
[WhiteElo "2201"]
[BlackElo "2411"]
[Annotator "Godart,François"]
[PlyCount "166"]
[EventDate "2017.07.15"]

1. c4 e6 2. g3 d5 3. Bg2 Nf6 4. Nf3 Be7 5. O-O O-O 6. d4 dxc4 7. Qc2 a6 8. a4
Bd7 9. Ne5 Bc6 10. Nxc6 Nxc6 11. e3 Nd5 (11... Na5 12. Bd2 (12. Nd2 c5 13. dxc5
Rc8 14. b4 cxb3 15. Nxb3 Nd5 16. Ba3 Qc7 17. Rab1 Nc6 18. Rfd1 Rfd8 19. e4 Nf6
20. Rxd8+ Rxd8 21. Rd1 e5) 12... Nb3 13. Ra2 c5 14. dxc5 Rb8 15. Rd1 Qd3) 12.
a5 Ncb4 13. Qxc4 c5 14. dxc5 Rc8 15. Bxd5 Nxd5 16. b4 Bf6 17. Ra2 Qd7 18. e4
Ne7 19. Bb2 Bxb2 20. Rxb2 e5 21. Rd2 Qh3 22. Na3 Nc6 23. Nc2 h5 24. Rfd1 Rfd8
25. Rxd8+ Rxd8 26. Rxd8+ Nxd8 27. b5 axb5 28. Qxb5 Qe6 29. Nb4 Qb3 30. Qd3 Qxb4
31. Qxd8+ Kh7 32. Qd5 Qxa5 33. Qxe5 g6 34. Qe7 Kg8 35. Kg2 Qb5 36. h4 Qc6 37.
Qd8+ Kg7 38. Qd4+ Kg8 39. Qd5 Qb5 40. e5 Qb1 41. Kh2 Qb5 42. Qd8+ Kh7 43. Qe7
Kg8 44. Qd6 Qb3 45. e6 Qf3 46. exf7+ Kxf7 47. Kg1 Kg7 48. Qe7+ Kg8 49. Qe3 Qd1+
50. Kg2 Qd5+ 51. Kh2 Kg7 52. Qe7+ Kg8 53. Qg5 Qe4 54. Qf6 Kh7 55. Qf7+ Kh8 56.
Kg1 Qe1+ 57. Kg2 Qe4+ 58. Kh2 Qc6 59. Qf8+ Kh7 60. Qe7+ Kg8 61. Qg5 Qe4 62. Qe3
Qd5 63. f3 Qa2+ 64. Kh3 Qb1 65. g4 hxg4+ 66. fxg4 Qh1+ 67. Kg3 Qd5 68. Qe8+ Kg7
69. Qe7+ Kg8 70. Qd6 Qe4 71. h5 Qe3+ 72. Kh2 Qe2+ 73. Kh3 Qe3+ 74. Qg3 Qxc5 75.
Qb3+ Kg7 76. Qxb7+ Kh6 77. Qf3 gxh5 78. Qf6+ Kh7 79. Qf7+ Kh6 80. Qf6+ Kh7 81.
Qf7+ Kh6 82. Qxh5+ Qxh5+ 83. gxh5 Kxh5 1/2-1/2

[Event "8e Festival de Vaujany 2017 - principal"]
[Site "?"]
[Date "2017.07.16"]
[Round "4.9"]
[White "Ratsma, Rosa"]
[Black "Piceu, Tom"]
[Result "1/2-1/2"]
[WhiteElo "2194"]
[BlackElo "2378"]
[PlyCount "129"]
[EventDate "2017.07.15"]

1. e4 c5 2. Nf3 d6 3. d4 cxd4 4. Nxd4 Nf6 5. Nc3 a6 6. h3 e5 7. Nde2 Be6 8. g4
Be7 9. Bg2 O-O 10. Be3 Nbd7 11. O-O Rc8 12. Nd5 Re8 13. Ng3 h6 14. Qd2 Nf8 15.
b3 Nxd5 16. exd5 Bd7 17. Be4 Bg5 18. a4 b6 19. Bd3 Bxe3 20. fxe3 a5 21. Rf3 h5
22. gxh5 Bxh3 23. Qf2 Qg5 24. Bf5 Bxf5 25. Rxf5 Qg4 26. c4 Nh7 27. Qf3 Qxf3 28.
Rxf3 Ng5 29. Rf5 f6 30. h6 Kh7 31. hxg7 Kxg7 32. Rxg5+ fxg5 33. Nf5+ Kf6 34.
Nxd6 Ke7 35. Nxc8+ Rxc8 36. Rf1 Kd6 37. Rf6+ Kc5 38. Kf2 Rb8 39. Ke2 Kb4 40.
Kd3 Kxb3 41. Rf1 g4 42. Rb1+ Ka2 43. Rg1 Rg8 44. Kc3 g3 45. Rg2+ Ka3 46. Rg1
Ka2 47. c5 bxc5 48. Kc4 Ka3 49. d6 e4 50. Kxc5 Kxa4 51. d7 Kb3 52. Rxg3 Rd8 53.
Kd6 Kc3 54. Ke7 Ra8 55. d8=Q Rxd8 56. Kxd8 Kd3 57. Kc7 a4 58. Kd6 a3 59. Kd5 a2
60. Rg1 Kxe3 61. Ra1 Kd3 62. Ke5 e3 63. Kf4 e2 64. Kf3 e1=Q 65. Rxe1 1/2-1/2

[Event "8e Festival de Vaujany 2017 - principal"]
[Site "?"]
[Date "2017.07.16"]
[Round "4.10"]
[White "Collas, Didier"]
[Black "Frederic, Clement"]
[Result "1-0"]
[WhiteElo "2376"]
[BlackElo "2178"]
[PlyCount "71"]
[EventDate "2017.07.15"]

1. e4 d6 2. d4 Nf6 3. Nc3 Nbd7 4. g4 h6 5. h3 e5 6. Nge2 b5 7. a3 Bb7 8. Bg2 c6
9. O-O Be7 10. Ng3 a6 11. Nf5 g6 12. dxe5 dxe5 13. Nd6+ Bxd6 14. Qxd6 Qe7 15.
Qxe7+ Kxe7 16. f4 Ne8 17. f5 Nd6 18. b3 c5 19. Be3 Rac8 20. Rfd1 g5 21. a4 b4
22. Nd5+ Bxd5 23. Rxd5 f6 24. Rad1 Rc6 25. Kf2 Rd8 26. Kf3 Nb7 27. Bf1 Nb8 28.
Bc4 Rcc8 29. h4 Rxd5 30. Bxd5 Nd8 31. hxg5 hxg5 32. Rh1 Kd6 33. Rh6 Nd7 34.
Bxg5 Ke7 35. Rh7+ Ke8 36. Bh6 1-0

[Event "8e Festival de Vaujany 2017 - principal"]
[Site "?"]
[Date "2017.07.16"]
[Round "4.11"]
[White "Pierecker, Markus"]
[Black "Joie, Sebastien"]
[Result "1-0"]
[WhiteElo "2178"]
[BlackElo "2376"]
[PlyCount "55"]
[EventDate "2017.07.15"]

1. e4 c5 2. Nf3 Nc6 3. d4 cxd4 4. Nxd4 Nf6 5. Nc3 e6 6. Nxc6 bxc6 7. e5 Nd5 8.
Ne4 Qc7 9. f4 Rb8 10. Bd3 Qb6 11. Qe2 f5 12. exf6 Nxf6 13. Nxf6+ gxf6 14. Be3
Qb4+ 15. Kf2 Bd6 16. Qh5+ Ke7 17. Rab1 Qa4 18. b3 Qa3 19. Rhd1 Bb7 20. Be4 Qb4
21. Rd4 Qb5 22. Qh6 Rbg8 23. Rbd1 c5 24. Rxd6 Bxe4 25. Rxd7+ Qxd7 26. Bxc5+ Ke8
27. Rxd7 Kxd7 28. Qxf6 1-0

[Event "8e Festival de Vaujany 2017 - principal"]
[Site "Vaujany"]
[Date "2017.07.16"]
[Round "4.12"]
[White "Fodor, B."]
[Black "Olivier, JC."]
[Result "0-1"]
[WhiteElo "2117"]
[BlackElo "2353"]
[PlyCount "70"]
[EventDate "2017.07.13"]
[EventRounds "9"]
[EventCountry "FRA"]

1. d4 Nf6 2. c4 e6 3. Nf3 b6 4. a3 d5 5. Nc3 Be7 6. cxd5 exd5 7. Bf4 O-O 8. e3
c5 9. Bd3 Nc6 10. Rc1 Bg4 11. O-O c4 12. Be2 Na5 13. Nd2 Bxe2 14. Qxe2 Re8 15.
Nb5 Rf8 16. Qf3 Qd7 17. Nc3 Rad8 18. h3 h6 19. Rfd1 Rfe8 20. e4 dxe4 21. Ncxe4
Qxd4 22. Nxf6+ Qxf6 23. Ne4 Qg6 24. Re1 Bf8 25. Ng3 Bc5 26. Bc7 Rc8 27. Rxe8+
Rxe8 28. Nf5 Qf6 29. Rd1 Nb3 30. Qg4 b5 31. Rd7 Kh7 32. Qh5 Kg8 33. Bf4 Nd4 34.
Nxh6+ gxh6 35. Qxc5 Re1+ 0-1